[Event "Gatineau Hiver-B"]
[Site "Gatineau CAN"]
[Date "2017.02.28"]
[Round "5"]
[White "Lecorre, Joel"]
[Black "Labelle, Raymond"]
[Result "1-0"]
[WhiteElo "1465"]
[BlackElo "1475"]
[WhiteFideId "-1"]
[WhiteFideId "-1"]
[PlyCount "75"]
[GameId "2160767908478799"]
[EventDate "2017.01.31"]
[EventType "swiss"]
[EventRounds "4"]
[EventCountry "CAN"]
[SourceTitle "EXT 2022"]
[Source "ChessBase"]
[SourceDate "2021.10.06"]
[SourceVersion "1"]
[SourceVersionDate "2021.10.06"]
[SourceQuality "1"]

1. e4 e6 2. d3 d5 3. Nd2 Nf6 4. g3 c5 5. Bg2 Nc6 6. Ngf3 Bd6 7. O-O d4 8. Nc4 e5 9. Nxd6+ Qxd6 10. Nh4 Ne7 11. f4 Bg4 12. Qe1 h6 13. h3 Bd7 14. fxe5 Qxe5 15. Bf4 Qe6 16. Bd2 Nc6 17. Nf5 Kf8 18. Qf2 Ne5 19. Nxh6 Nxe4 20. Bxe4 gxh6 21. Rae1 Rb8 22. Bf4 Be8 23. Bg2 Nxd3 24. cxd3 Qc8 25. Bd6+ Kg8 26. Bxb8 Qxb8 27. Qf6 Rh7 28. Qe7 Bb5 29. Rf3 Bc6 30. Rf4 Bb5 31. Be4 Rg7 32. Kh2 b6 33. Ref1 Be8 34. Rg4 a5 35. Rxg7+ Kxg7 36. Bc6 Bxc6 37. Rxf7+ Kg6 38. Qf6+ 1-0

[Event "Gatineau Hiver-B"]
[Site "Gatineau CAN"]
[Date "2017.02.28"]
[Round "5"]
[White "Legare, Gilles"]
[Black "Masse-Garneau, Anthony"]
[Result "0-1"]
[WhiteElo "1043"]
[BlackElo "1381"]
[WhiteFideId "-1"]
[WhiteFideId "-1"]
[PlyCount "52"]
[GameId "2160767908478800"]
[EventDate "2017.01.31"]
[EventType "swiss"]
[EventRounds "4"]
[EventCountry "CAN"]
[SourceTitle "EXT 2022"]
[Source "ChessBase"]
[SourceDate "2021.10.06"]
[SourceVersion "1"]
[SourceVersionDate "2021.10.06"]
[SourceQuality "1"]

1. e4 e5 2. Nf3 Nc6 3. b3 Nf6 4. d3 d5 5. Be2 dxe4 6. dxe4 Qxd1+ 7. Bxd1 Nxe4 8. O-O Bc5 9. c3 f6 10. Be3 Bxe3 11. fxe3 Bg4 12. h3 Be6 13. b4 O-O-O 14. b5 Na5 15. Bb3 Rhe8 16. Rd1 Rxd1+ 17. Bxd1 Nc4 18. Bb3 Nxe3 19. Nbd2 Nxc3 20. Kh2 Nxb5 21. Rc1 Bxb3 22. Nxb3 Nf5 23. a4 Nbd4 24. Nc5 Nxf3+ 25. gxf3 Nd4 26. Kg3 Ne2+ 0-1

[Event "Gatineau Hiver-B"]
[Site "Gatineau CAN"]
[Date "2017.02.28"]
[Round "5"]
[White "Raymond, Robert"]
[Black "Bourbonnais, Luc"]
[Result "1-0"]
[WhiteElo "1298"]
[BlackElo "1288"]
[WhiteFideId "-1"]
[WhiteFideId "-1"]
[PlyCount "145"]
[GameId "2160767908478801"]
[EventDate "2017.01.31"]
[EventType "swiss"]
[EventRounds "4"]
[EventCountry "CAN"]
[SourceTitle "EXT 2022"]
[Source "ChessBase"]
[SourceDate "2021.10.06"]
[SourceVersion "1"]
[SourceVersionDate "2021.10.06"]
[SourceQuality "1"]

1. e4 e5 2. Nf3 Nc6 3. Bb5 a6 4. Ba4 Nf6 5. c3 Be7 6. O-O d6 7. Re1 Bg4 8. Bxc6+ bxc6 9. d4 O-O 10. Nbd2 Re8 11. h3 Bh5 12. Nf1 exd4 13. cxd4 d5 14. e5 Ne4 15. Bf4 Rb8 16. Rb1 h6 17. Ng3 Bg6 18. Nxe4 Bxe4 19. Rxe4 dxe4 20. Nd2 Qxd4 21. Qc2 g5 22. Be3 Qxe5 23. Nxe4 Bd6 24. Ng3 Qb5 25. Ne4 Be5 26. Nc3 Bxc3 27. Qxc3 Qe5 28. Bd4 Qf5 29. Rc1 Re6 30. Re1 Rxe1+ 31. Qxe1 Qd5 32. Bc3 Rd8 33. Qe7 Qd1+ 34. Kh2 Qd6+ 35. Qe5 Qxe5+ 36. Bxe5 Rd2 37. f3 c5 38. Bc3 c6 39. Bxd2 f5 40. g3 Kf7 41. Kg2 Kf6 42. Kf2 h5 43. f4 g4 44. hxg4 hxg4 45. Be3 c4 46. Ke2 Ke6 47. Bd4 Kd5 48. Bc3 Ke4 49. b3 cxb3 50. axb3 c5 51. Be5 a5 52. Bc3 c4 53. bxc4 a4 54. c5 Kd5 55. c6 Kxc6 56. Ke3 Kc5 57. Be5 Kc4 58. Bd4 a3 59. Be5 a2 60. Kd2 Kd5 61. Kd3 Kc5 62. Bd4+ Kd5 63. Be5 Kc5 64. Bf6 Kd5 65. Kc2 Ke4 66. Kb2 Kf3 67. Bh4 Ke3 68. Kxa2 Ke2 69. Kb3 Kd3 70. Kb4 Kd4 71. Bf6+ Ke4 72. Kc4 Kf3 73. Bh4 1-0

[Event "Gatineau Hiver-B"]
[Site "Gatineau CAN"]
[Date "2017.02.28"]
[Round "5"]
[White "Rioux, Jocelyn"]
[Black "Sabourin, Yves"]
[Result "0-1"]
[WhiteElo "1499"]
[BlackElo "1443"]
[WhiteFideId "-1"]
[WhiteFideId "-1"]
[PlyCount "116"]
[GameId "2160767908478802"]
[EventDate "2017.01.31"]
[EventType "swiss"]
[EventRounds "4"]
[EventCountry "CAN"]
[SourceTitle "EXT 2022"]
[Source "ChessBase"]
[SourceDate "2021.10.06"]
[SourceVersion "1"]
[SourceVersionDate "2021.10.06"]
[SourceQuality "1"]

1. e4 e6 2. d4 d5 3. Nc3 Nf6 4. e5 Nfd7 5. f4 c5 6. Nf3 Nc6 7. Be3 cxd4 8. Nxd4 Qb6 9. Bb5 a6 10. Bxc6 bxc6 11. Rb1 c5 12. Nf3 d4 13. Nxd4 cxd4 14. Bxd4 Bc5 15. Bxc5 Qxc5 16. g3 Bb7 17. Rf1 Qe3+ 18. Qe2 Qxe2+ 19. Kxe2 Nb6 20. Rfd1 Rd8 21. Rxd8+ Kxd8 22. Rd1+ Kc7 23. b3 Rd8 24. Rxd8 Kxd8 25. Ke3 Kc7 26. Kd4 Nd5 27. Nxd5+ Bxd5 28. c4 Bf3 29. Kc5 Be4 30. b4 h6 31. a4 Bc2 32. a5 g5 33. b5 g4 34. b6+ Kd7 35. b7 Kc7 36. b8=Q+ Kxb8 37. Kd6 Kb7 38. Kd7 Bd3 39. c5 Be4 40. Ke7 Kc6 41. Kxf7 Bf5 42. Ke7 Kxc5 43. Kd7 Kb5 44. Kd6 Kxa5 45. Kc5 h5 46. Kc4 Kb6 47. Kb4 a5+ 48. Ka4 Bc2+ 49. Ka3 Kc5 50. Kb2 Be4 51. Kb3 Kd4 52. Ka4 Ke3 53. Kxa5 Kf2 54. Kb5 Kg2 55. Kc5 Kxh2 56. Kd4 Bf5 57. Ke3 Kxg3 58. Ke2 Kg2 0-1

[Event "Gatineau Pere Noel CEH-A"]
[Site "Gatineau CAN"]
[Date "2017.12.05"]
[Round "1"]
[White "Danilov, Alex"]
[Black "Desjardins, Michel"]
[Result "1/2-1/2"]
[WhiteElo "1680"]
[BlackElo "1923"]
[WhiteFideId "-1"]
[WhiteFideId "-1"]
[PlyCount "58"]
[GameId "2160767908292269"]
[EventDate "2017.12.05"]
[EventType "swiss"]
[EventRounds "6"]
[EventCountry "CAN"]
[SourceTitle "EXT 2022"]
[Source "ChessBase"]
[SourceDate "2021.10.06"]
[SourceVersion "1"]
[SourceVersionDate "2021.10.06"]
[SourceQuality "1"]

1. Nf3 d5 2. d4 Bf5 3. Bf4 e6 4. c3 Bd6 5. Bg3 Nd7 6. Qa4 Bxg3 7. hxg3 c6 8. Nbd2 Qb6 9. Qa3 h6 10. c4 Ne7 11. e3 a5 12. g4 Bxg4 13. Qd3 Bf5 14. e4 dxe4 15. Nxe4 Qb4+ 16. Nfd2 Nf6 17. Nxf6+ gxf6 18. Qc3 Qxc3 19. bxc3 O-O-O 20. Be2 e5 21. g4 Bg6 22. dxe5 fxe5 23. Nb3 b6 24. c5 a4 25. cxb6 axb3 26. axb3 Nd5 27. Ra7 Nxc3 28. Ba6+ Kb8 29. Rb7+ Ka8 1/2-1/2

[Event "Gatineau Pere Noel CEH-A"]
[Site "Gatineau CAN"]
[Date "2017.12.12"]
[Round "2"]
[White "Danilov, Alex"]
[Black "Guimond, Michel"]
[Result "0-1"]
[WhiteElo "1680"]
[BlackElo "1904"]
[WhiteFideId "-1"]
[WhiteFideId "-1"]
[PlyCount "44"]
[GameId "2160767908292274"]
[EventDate "2017.12.05"]
[EventType "swiss"]
[EventRounds "6"]
[EventCountry "CAN"]
[SourceTitle "EXT 2022"]
[Source "ChessBase"]
[SourceDate "2021.10.06"]
[SourceVersion "1"]
[SourceVersionDate "2021.10.06"]
[SourceQuality "1"]

1. Nf3 d6 2. c4 e5 3. d4 Nd7 4. e4 g6 5. Be2 Bg7 6. Nc3 Nh6 7. O-O O-O 8. Rb1 f6 9. Bd2 Nf7 10. b4 f5 11. c5 exd4 12. Nb5 dxc5 13. exf5 Nde5 14. Nxe5 Nxe5 15. f4 d3 16. fxe5 dxe2 17. Qxe2 Bxf5 18. Rb3 a6 19. Qc4+ Kh8 20. Ra3 axb5 21. Rxa8 bxc4 22. Rxd8 Rxd8 0-1

[Event "Gatineau Pere Noel CEH-A"]
[Site "Gatineau CAN"]
[Date "2017.12.19"]
[Round "3"]
[White "Jobin, Gilles G"]
[Black "Akrib, Fouad"]
[Result "1-0"]
[WhiteElo "1795"]
[BlackElo "1929"]
[WhiteFideId "-1"]
[WhiteFideId "-1"]
[PlyCount "121"]
[GameId "2160767908292278"]
[EventDate "2017.12.05"]
[EventType "swiss"]
[EventRounds "6"]
[EventCountry "CAN"]
[SourceTitle "EXT 2022"]
[Source "ChessBase"]
[SourceDate "2021.10.06"]
[SourceVersion "1"]
[SourceVersionDate "2021.10.06"]
[SourceQuality "1"]

1. Nf3 b6 2. g3 Bb7 3. Bg2 e5 4. d3 f5 5. e4 fxe4 6. Nxe5 Nf6 7. O-O Qe7 8. Ng4 d5 9. Nxf6+ gxf6 10. Qh5+ Qf7 11. Qxf7+ Kxf7 12. dxe4 dxe4 13. Nc3 f5 14. Bf4 Bg7 15. Rad1 Re8 16. Bxc7 Rc8 17. Bf4 Bxc3 18. bxc3 Rxc3 19. Rd8 Rc8 20. Rxc8 Bxc8 21. f3 e3 22. Bxe3 Na6 23. f4 Rb8 24. Bd5+ Be6 25. Bxe6+ Kxe6 26. a3 Rc8 27. Rf2 Rc3 28. Bc1 Nc5 29. Re2+ Ne4 30. g4 Rc4 31. g5 Rd4 32. Re1 Rc4 33. Re2 b5 34. Bb2 a5 35. h4 Kf7 36. h5 b4 37. g6+ hxg6 38. hxg6+ Kxg6 39. Rg2+ Kh5 40. axb4 Rxb4 41. Ba3 Rb1+ 42. Kh2 a4 43. c4 Rb3 44. Be7 a3 45. Bf8 Nf6 46. Bg7 Ng4+ 47. Kh1 Rh3+ 48. Kg1 Ne3 49. Rg5+ Kh4 50. c5 Rg3+ 51. Kf2 Ng4+ 52. Kf1 Nh2+ 53. Ke2 Rb3 54. Rxf5 Kg4 55. Rf8 Nf3 56. c6 Rb6 57. c7 Rc6 58. c8=Q+ Rxc8 59. Rxc8 Ng1+ 60. Ke3 Nh3 61. Be5 1-0

[Event "Gatineau Pere Noel CEH-A"]
[Site "Gatineau CAN"]
[Date "2018.01.09"]
[Round "4"]
[White "Scantland, Patrick"]
[Black "Solunac, Stephen"]
[Result "1/2-1/2"]
[WhiteElo "1827"]
[BlackElo "1710"]
[WhiteFideId "-1"]
[WhiteFideId "-1"]
[PlyCount "106"]
[GameId "2160767908300479"]
[EventDate "2017.12.05"]
[EventType "swiss"]
[EventRounds "6"]
[EventCountry "CAN"]
[SourceTitle "EXT 2022"]
[Source "ChessBase"]
[SourceDate "2021.10.06"]
[SourceVersion "1"]
[SourceVersionDate "2021.10.06"]
[SourceQuality "1"]

1. d4 e6 2. c4 f5 3. g3 Nf6 4. Nc3 Be7 5. Bg2 O-O 6. Nh3 d6 7. O-O c6 8. e4 e5 9. dxe5 dxe5 10. Qe2 Qc7 11. exf5 Bxf5 12. Ng5 Na6 13. Nge4 Rad8 14. Re1 Nxe4 15. Nxe4 Bb4 16. Bd2 Bxe4 17. Bxb4 Bd3 18. Qd2 Bxc4 19. Qc3 Nxb4 20. Qxb4 Qf7 21. Qc5 Rd2 22. f4 Bd5 23. Bxd5 Rxd5 24. Qa3 exf4 25. Re7 Qf6 26. Rf1 f3 27. Qe3 Qd4 28. Qxd4 Rxd4 29. Rxb7 Rd2 30. Rxa7 Rxb2 31. Ra3 f2+ 32. Kg2 Rc2 33. Ra6 c5 34. a4 c4 35. Rc6 Ra8 36. a5 Rxa5 37. Rxf2 Rxf2+ 38. Kxf2 Ra4 39. h4 g6 40. Rc7 h6 41. Kf3 Kf8 42. g4 Ra3+ 43. Ke4 Rg3 44. Kf4 Rc3 45. g5 h5 46. Ke5 Rf3 47. Rxc4 Kg7 48. Rc7+ Kf8 49. Rc4 Kg7 50. Rf4 Rxf4 51. Kxf4 Kf7 52. Ke5 Ke7 53. Kd5 Kd7 1/2-1/2

[Event "Gatineau Pere Noel CEH-A"]
[Site "Gatineau CAN"]
[Date "2018.01.23"]
[Round "6"]
[White "Jobin, Gilles G"]
[Black "Solunac, Stephen"]
[Result "1/2-1/2"]
[WhiteElo "1795"]
[BlackElo "1710"]
[WhiteFideId "-1"]
[WhiteFideId "-1"]
[PlyCount "43"]
[GameId "2160767908300488"]
[EventDate "2017.12.05"]
[EventType "swiss"]
[EventRounds "6"]
[EventCountry "CAN"]
[SourceTitle "EXT 2022"]
[Source "ChessBase"]
[SourceDate "2021.10.06"]
[SourceVersion "1"]
[SourceVersionDate "2021.10.06"]
[SourceQuality "1"]

1. e4 Nf6 2. e5 Nd5 3. d4 d6 4. c4 Nb6 5. Nc3 g6 6. Nf3 Bg4 7. h3 Bxf3 8. Qxf3 Bg7 9. exd6 cxd6 10. Be3 Nc6 11. Rd1 O-O 12. Be2 e5 13. d5 Ne7 14. Qe4 f5 15. Qc2 Rc8 16. Qb3 f4 17. Bxb6 Qxb6 18. Qxb6 axb6 19. Ne4 Nf5 20. Bg4 Rfd8 21. b3 h6 22. O-O 1/2-1/2

[Event "Gatineau Pere Noel CEH-B"]
[Site "Gatineau CAN"]
[Date "2017.12.05"]
[Round "1"]
[White "Ethier, Valori"]
[Black "Xu, Jerry"]
[Result "1-0"]
[WhiteElo "1411"]
[BlackElo "1795"]
[WhiteFideId "-1"]
[WhiteFideId "-1"]
[PlyCount "77"]
[GameId "2160767908300494"]
[EventDate "2017.12.05"]
[EventType "swiss"]
[EventRounds "6"]
[EventCountry "CAN"]
[SourceTitle "EXT 2022"]
[Source "ChessBase"]
[SourceDate "2021.10.06"]
[SourceVersion "1"]
[SourceVersionDate "2021.10.06"]
[SourceQuality "1"]

1. f4 d5 2. b3 c5 3. e3 Nh6 4. Bb2 Bg4 5. Nf3 Bxf3 6. Qxf3 d4 7. Qxb7 Nd7 8. Bb5 f6 9. Bxd7+ Qxd7 10. Qxa8+ Qd8 11. Qxd8+ Kxd8 12. exd4 cxd4 13. Bxd4 a6 14. Bc5 g6 15. Ba3 Bg7 16. Bb2 Rg8 17. O-O g5 18. fxg5 fxg5 19. Bxg7 Rxg7 20. Rf8+ Kd7 21. Ra8 Rf7 22. Rxa6 Nf5 23. Na3 g4 24. Rf1 e6 25. Ra7+ Ke8 26. Rxf7 Kxf7 27. c4 Ke7 28. Nc2 g3 29. h3 Nh4 30. Nd4 e5 31. Nf5+ Nxf5 32. Rxf5 Ke6 33. Rh5 e4 34. Rxh7 Kf5 35. Rd7 Kf4 36. Rg7 e3 37. dxe3+ Kxe3 38. Rxg3+ Kf4 39. Kf2 1-0

[Event "Gatineau Pere Noel CEH-B"]
[Site "Gatineau CAN"]
[Date "2017.12.12"]
[Round "2"]
[White "Traversy, Pierre"]
[Black "Sabourin, Yves"]
[Result "0-1"]
[WhiteElo "1208"]
[BlackElo "1485"]
[WhiteFideId "-1"]
[WhiteFideId "-1"]
[PlyCount "62"]
[GameId "2160767908300503"]
[EventDate "2017.12.05"]
[EventType "swiss"]
[EventRounds "6"]
[EventCountry "CAN"]
[SourceTitle "EXT 2022"]
[Source "ChessBase"]
[SourceDate "2021.10.06"]
[SourceVersion "1"]
[SourceVersionDate "2021.10.06"]
[SourceQuality "1"]

1. d4 Nf6 2. c4 g6 3. Nf3 Bg7 4. Nc3 d5 5. e3 O-O 6. cxd5 Nxd5 7. Qc2 e6 8. a3 b6 9. Bd2 Bb7 10. Be2 Nd7 11. O-O c5 12. Nxd5 Bxd5 13. Bc3 Rc8 14. Qd1 Bxf3 15. Bxf3 Qc7 16. Rc1 e5 17. dxe5 Nxe5 18. Be2 Rcd8 19. Qc2 Rd6 20. Rcd1 Rfd8 21. Rxd6 Rxd6 22. Rd1 Qd7 23. Rxd6 Qxd6 24. b3 Nc6 25. Bxg7 Kxg7 26. f4 Qe6 27. Qd3 Na5 28. Bd1 c4 29. Qd4+ Qf6 30. Qd5 Qc3 31. bxc4 Qe1# 0-1

[Event "Gatineau Pere Noel CEH-B"]
[Site "Gatineau CAN"]
[Date "2017.12.12"]
[Round "2"]
[White "Yuan, Eric"]
[Black "Xu, Jerry"]
[Result "1-0"]
[WhiteElo "964"]
[BlackElo "1795"]
[WhiteFideId "-1"]
[WhiteFideId "-1"]
[PlyCount "35"]
[GameId "2160767908300505"]
[EventDate "2017.12.05"]
[EventType "swiss"]
[EventRounds "6"]
[EventCountry "CAN"]
[SourceTitle "EXT 2022"]
[Source "ChessBase"]
[SourceDate "2021.10.06"]
[SourceVersion "1"]
[SourceVersionDate "2021.10.06"]
[SourceQuality "1"]

1. e4 e6 2. d4 c5 3. Nf3 Nf6 4. e5 Ne4 5. Bd3 f5 6. exf6 Nxf6 7. Bg5 Nc6 8. d5 exd5 9. O-O b6 10. Re1+ Be7 11. Bxf6 gxf6 12. Nc3 Nd4 13. Nxd5 Nxf3+ 14. Qxf3 Kf8 15. Nxe7 Kf7 16. Bg6+ Kg7 17. Bh5 Kh6 18. Nf5+ 1-0

[Event "Gatineau Pere Noel CEH-B"]
[Site "Gatineau CAN"]
[Date "2017.12.19"]
[Round "3"]
[White "Ethier, Valori"]
[Black "Simard, Paul"]
[Result "1/2-1/2"]
[WhiteElo "1411"]
[BlackElo "1196"]
[WhiteFideId "-1"]
[WhiteFideId "-1"]
[PlyCount "67"]
[GameId "2160767908300507"]
[EventDate "2017.12.05"]
[EventType "swiss"]
[EventRounds "6"]
[EventCountry "CAN"]
[SourceTitle "EXT 2022"]
[Source "ChessBase"]
[SourceDate "2021.10.06"]
[SourceVersion "1"]
[SourceVersionDate "2021.10.06"]
[SourceQuality "1"]

1. e4 e5 2. Bc4 Nf6 3. d3 Be7 4. f4 Nc6 5. a3 d5 6. exd5 Nxd5 7. fxe5 Nxe5 8. Ba2 O-O 9. Nf3 Nxf3+ 10. Qxf3 c6 11. O-O Bc5+ 12. Kh1 a6 13. Bxd5 Qxd5 14. Nc3 Qxf3 15. Rxf3 Re8 16. Bd2 Bd4 17. Raf1 Be6 18. Nd1 Bg4 19. Rf4 Bxd1 20. Rxd1 Bxb2 21. Rb4 Bxa3 22. Rxb7 Re2 23. Rb3 Rae8 24. Rxa3 Rxd2 25. Rg1 Rde2 26. Rxa6 Re1 27. Rxc6 f5 28. g3 R1e2 29. Rc5 g6 30. Rf1 Rd2 31. Rc7 Ree2 32. Rb1 Rxh2+ 33. Kg1 Rhg2+ 34. Kh1 1/2-1/2

[Event "Gatineau Pere Noel CEH-B"]
[Site "Gatineau CAN"]
[Date "2017.12.19"]
[Round "3"]
[White "Masse-Garneau, Anthony"]
[Black "Raymond, Robert"]
[Result "1-0"]
[WhiteElo "1442"]
[BlackElo "1289"]
[WhiteFideId "-1"]
[WhiteFideId "-1"]
[PlyCount "90"]
[GameId "2160767908300509"]
[EventDate "2017.12.05"]
[EventType "swiss"]
[EventRounds "6"]
[EventCountry "CAN"]
[SourceTitle "EXT 2022"]
[Source "ChessBase"]
[SourceDate "2021.10.06"]
[SourceVersion "1"]
[SourceVersionDate "2021.10.06"]
[SourceQuality "1"]

1. Nf3 e6 2. d4 d5 3. g3 Nf6 4. Bg2 Nbd7 5. O-O Be7 6. Nbd2 O-O 7. Re1 Rb8 8. c4 c5 9. cxd5 Nxd5 10. dxc5 Bxc5 11. Nb3 Bd6 12. e4 Bb4 13. exd5 Bxe1 14. Nxe1 Nf6 15. Bf4 Ra8 16. dxe6 Qxd1 17. Rxd1 fxe6 18. Nc5 Nd5 19. Bxd5 exd5 20. Rxd5 Re8 21. Ned3 b6 22. Nd7 Bb7 23. Rg5 Re6 24. Bb8 Bc6 25. N3e5 Bb7 26. Rf5 Re8 27. Rf4 Rc8 28. f3 Re8 29. Rc4 Bc8 30. Rc7 Bxd7 31. Nxd7 Re1+ 32. Kf2 Rb1 33. Rc8+ Kf7 34. Ne5+ Ke6 35. Re8+ Kf6 36. Nd7+ Kf7 37. Re2 a5 38. Bf4 b5 39. Ne5+ Kf6 40. Nd3 Kf7 41. Bc1 Rd8 42. Ne5+ Kf6 43. Bg5+ Kxg5 44. Nf7+ Kg6 45. Nxd8 Rc1 1-0

[Event "Gatineau Pere Noel CEH-B"]
[Site "Gatineau CAN"]
[Date "2017.12.19"]
[Round "3"]
[White "Sabourin, Yves"]
[Black "Berthiaume, Serge"]
[Result "1-0"]
[WhiteElo "1485"]
[BlackElo "1455"]
[WhiteFideId "-1"]
[WhiteFideId "-1"]
[PlyCount "79"]
[GameId "2160767908300510"]
[EventDate "2017.12.05"]
[EventType "swiss"]
[EventRounds "6"]
[EventCountry "CAN"]
[SourceTitle "EXT 2022"]
[Source "ChessBase"]
[SourceDate "2021.10.06"]
[SourceVersion "1"]
[SourceVersionDate "2021.10.06"]
[SourceQuality "1"]

1. e4 c5 2. c3 Nf6 3. e5 Nd5 4. d4 cxd4 5. cxd4 e6 6. Bc4 Nb6 7. Bb3 Nc6 8. Nf3 d5 9. Bd2 Be7 10. Nc3 O-O 11. O-O f6 12. Ne2 fxe5 13. dxe5 Nd7 14. Bf4 Nc5 15. Bc2 b6 16. Qb1 h6 17. Bg3 Ba6 18. Re1 Nb4 19. Bh7+ Kh8 20. a3 Bd3 21. Bxd3 Nbxd3 22. Rd1 Rc8 23. b4 Nxf2 24. Bxf2 Ne4 25. Rc1 Nxf2 26. Kxf2 Rc7 27. Ned4 Rxc1 28. Qxc1 Bg5 29. Qc6 Qc8 30. Qxe6 Qxe6 31. Nxe6 Rf5 32. Nexg5 hxg5 33. Kg3 Rf4 34. Rd1 Rc4 35. Rxd5 Rc3 36. a4 Ra3 37. a5 Rb3 38. axb6 axb6 39. Rb5 Kg8 40. Rxb6 1-0

[Event "Gatineau Pere Noel CEH-B"]
[Site "Gatineau CAN"]
[Date "2018.01.09"]
[Round "4"]
[White "Vezina, Yannick"]
[Black "Masse-Garneau, Anthony"]
[Result "1-0"]
[WhiteElo "1473"]
[BlackElo "1442"]
[WhiteFideId "-1"]
[WhiteFideId "-1"]
[PlyCount "103"]
[GameId "2160767908300521"]
[EventDate "2017.12.05"]
[EventType "swiss"]
[EventRounds "6"]
[EventCountry "CAN"]
[SourceTitle "EXT 2022"]
[Source "ChessBase"]
[SourceDate "2021.10.06"]
[SourceVersion "1"]
[SourceVersionDate "2021.10.06"]
[SourceQuality "1"]

1. d4 Nf6 2. c4 e6 3. g3 Bb4+ 4. Bd2 Be7 5. Bg2 d5 6. Bf4 c6 7. Nd2 O-O 8. f3 dxc4 9. Nxc4 Bb4+ 10. Kf2 Nd5 11. Nh3 Nxf4 12. Nxf4 Nd7 13. Nd3 Be7 14. Rf1 Nb6 15. Nde5 f6 16. Nxb6 Qxb6 17. Nc4 Qc7 18. e4 Rd8 19. f4 Bc5 20. Qb3 Bxd4+ 21. Ke2 Kh8 22. Rad1 b5 23. Nd2 Ba6 24. Qxe6 Bxb2 25. Rf3 b4+ 26. Ke1 Bc3 27. a3 Rd6 28. Qa2 Rad8 29. Rf2 Qd7 30. axb4 Bxb4 31. Qxa6 Bxd2+ 32. Kf1 Bxf4 33. Rxd6 Bxd6 34. Rd2 Qc7 35. Ke2 Qb6 36. Qa2 Qb5+ 37. Kf3 Qh5+ 38. g4 Qxh2 39. Bf1 Qf4+ 40. Ke2 Qxe4+ 41. Kd1 Bc7 42. Rxd8+ Bxd8 43. Qxa7 Qxg4+ 44. Be2 Qc8 45. Qc5 Qd7+ 46. Kc2 Qe7 47. Qh5 Bb6 48. Bc4 g6 49. Qh2 Qf8 50. Qe2 f5 51. Qe5+ Qg7 52. Qe8+ 1-0

[Event "Gatineau Pere Noel CEH-B"]
[Site "Gatineau CAN"]
[Date "2018.01.16"]
[Round "5"]
[White "Simard, Paul"]
[Black "Yuan, Eric"]
[Result "1-0"]
[WhiteElo "1196"]
[BlackElo "964"]
[WhiteFideId "-1"]
[WhiteFideId "-1"]
[PlyCount "69"]
[GameId "2160767908300527"]
[EventDate "2017.12.05"]
[EventType "swiss"]
[EventRounds "6"]
[EventCountry "CAN"]
[SourceTitle "EXT 2022"]
[Source "ChessBase"]
[SourceDate "2021.10.06"]
[SourceVersion "1"]
[SourceVersionDate "2021.10.06"]
[SourceQuality "1"]

1. d4 d5 2. c4 dxc4 3. Nf3 Nc6 4. Nc3 Nf6 5. e4 b5 6. Nxb5 Ba6 7. Bxc4 Bxb5 8. Bxb5 Qd7 9. d5 Qd6 10. Bxc6+ Nd7 11. Bxa8 Qb4+ 12. Nd2 e5 13. O-O Bd6 14. Bc6 O-O 15. Bxd7 Rd8 16. Bf5 Qd4 17. Nf3 Qxd1 18. Rxd1 g6 19. Bh3 Bf8 20. Nxe5 c5 21. Nc6 Ra8 22. Be3 Bg7 23. Rab1 Bf8 24. g3 a6 25. Rdc1 Re8 26. Bxc5 Bxc5 27. Rxc5 Rxe4 28. b4 f5 29. d6 Kf7 30. d7 Kf8 31. d8=Q+ Re8 32. Qf6+ Kg8 33. Ne7+ Rxe7 34. Rc8+ Re8 35. Rxe8# 1-0

[Event "Gatineau Pere Noel CEH-B"]
[Site "Gatineau CAN"]
[Date "2018.01.23"]
[Round "6"]
[White "Sabourin, Yves"]
[Black "Vezina, Yannick"]
[Result "1-0"]
[WhiteElo "1485"]
[BlackElo "1473"]
[WhiteFideId "-1"]
[WhiteFideId "-1"]
[PlyCount "93"]
[GameId "2160767908300536"]
[EventDate "2017.12.05"]
[EventType "swiss"]
[EventRounds "6"]
[EventCountry "CAN"]
[SourceTitle "EXT 2022"]
[Source "ChessBase"]
[SourceDate "2021.10.06"]
[SourceVersion "1"]
[SourceVersionDate "2021.10.06"]
[SourceQuality "1"]

1. e4 e5 2. Nf3 g6 3. Nc3 Bg7 4. Bc4 c6 5. d4 exd4 6. Nxd4 b5 7. Bb3 a5 8. a3 a4 9. Ba2 Ba6 10. Qf3 Qe7 11. Nde2 Nf6 12. Bg5 d6 13. O-O O-O 14. Rfd1 Nbd7 15. Nd4 Bb7 16. Re1 Rfe8 17. Qf4 d5 18. f3 h6 19. Bxh6 Nh5 20. Qd2 Bxh6 21. Qxh6 Qc5 22. Qd2 Rad8 23. exd5 Rxe1+ 24. Rxe1 cxd5 25. Ncxb5 Nb6 26. Qc3 Nc4 27. b3 axb3 28. cxb3 Ba6 29. bxc4 dxc4 30. Qxc4 Qxc4 31. Bxc4 Rxd4 32. Nxd4 Bxc4 33. a4 Nf4 34. Nb5 Nd3 35. Ra1 Nb4 36. a5 Na6 37. Rb1 Kf8 38. Nd6 Bd3 39. Rb7 f5 40. Rf7+ Kg8 41. Kf2 Nc5 42. Ke3 Bf1 43. g3 Ne6 44. Rf6 Nf8 45. Kd4 Be2 46. f4 Kh7 47. Rxf8 1-0

[Event "Gatineau Printemps-A"]
[Site "Gatineau CAN"]
[Date "2017.03.21"]
[Round "1"]
[White "Danilov, Alex"]
[Black "Guimond, Michel"]
[Result "0-1"]
[WhiteElo "1716"]
[BlackElo "1861"]
[WhiteFideId "-1"]
[WhiteFideId "-1"]
[PlyCount "150"]
[GameId "2160767908478028"]
[EventDate "2017.03.21"]
[EventType "swiss"]
[EventRounds "4"]
[EventCountry "CAN"]
[SourceTitle "EXT 2022"]
[Source "ChessBase"]
[SourceDate "2021.10.06"]
[SourceVersion "1"]
[SourceVersionDate "2021.10.06"]
[SourceQuality "1"]

1. Nf3 d6 2. c4 e5 3. g3 e4 4. Nd4 c5 5. Nc2 Be6 6. Bg2 Bxc4 7. Ne3 Be6 8. Qa4+ Nc6 9. Qxe4 Nf6 10. Qa4 d5 11. O-O Be7 12. d4 cxd4 13. Nc2 Qb6 14. Rd1 O-O 15. Nxd4 Bc5 16. e3 Bg4 17. f3 Bh5 18. Nc3 Rfe8 19. Qb5 Nxd4 20. Qxb6 Nxf3+ 21. Bxf3 axb6 22. Bxh5 Nxh5 23. Rxd5 Nf6 24. Rd3 Rad8 25. Rxd8 Rxd8 26. Kg2 b5 27. a3 Ng4 28. e4 b4 29. axb4 Bxb4 30. Nd5 Bc5 31. h3 Ne5 32. Bf4 f6 33. b4 Bd6 34. Ra7 Rb8 35. b5 Bc5 36. b6 Kf7 37. Ra4 Rc8 38. Ra7 Rb8 39. Ra2 Ke6 40. Nc7+ Kd7 41. Nd5 Kd6 42. Rd2 Kc6 43. Rc2 Kd6 44. Be3 Rc8 45. Nb4 Nd7 46. Rd2+ Ke6 47. Bxc5 Rxc5 48. Nd5 Ne5 49. Nc7+ Ke7 50. Nd5+ Ke6 51. Nf4+ Kf7 52. Nd3 Nxd3 53. Rxd3 Ke7 54. Rb3 Kd7 55. Kf3 Kc6 56. Kf4 Rb5 57. Rc3+ Kxb6 58. Rc8 Rc5 59. Rh8 h6 60. h4 Rc7 61. Kf5 Kc6 62. g4 b5 63. g5 hxg5 64. hxg5 fxg5 65. Kxg5 Re7 66. Kf4 b4 67. Rc8+ Kb5 68. Rb8+ Kc4 69. Ke3 Kc3 70. Rc8+ Kb2 71. Kd3 b3 72. Rc4 Kb1 73. Kc3 b2 74. Kb3 Rb7+ 75. Ka3 Ka1 0-1